| 000 | 00642nam a2200193 i 4500 | ||
|---|---|---|---|
| 001 | 132777 | ||
| 003 | ES-MaACL | ||
| 005 | 20240223183245.0 | ||
| 007 | t| | ||
| 008 | 070214s1971 sp r ||||1| spa d | ||
| 100 | 1 |
_aRosa Franco, F. Radamés. _999614 |
|
| 245 | 1 | 0 |
_aProyección de Rubén Darío en la poesía de Luis Llorens Torres / _cF. Radamés Rosa Franco. |
| 260 |
_aMadrid : _bParaninfo, _c1971. |
||
| 300 |
_a56 p., 3 lám. ; _c17 cm. |
||
| 600 | 1 | 4 |
_aLloréns Torres, Luis- _xCrítica e interpretación. _972897 |
| 600 | 1 | 4 |
_aDarío, Rubén, _d1867-1916 _942720 |
| 852 |
_aES-MaACL _jC-40487 _bR.77191 |
||
| 999 |
_c132777 _d132777 |
||